| 000 | 01330nam a2200349 a 4500 | ||
|---|---|---|---|
| 003 | BLK | ||
| 005 | 20250802103928.0 | ||
| 008 | 180412b bul|||||r ||||||| ||bul|| | ||
| 010 | _aKNG00003698000 | ||
| 040 | _aBLK | ||
| 041 |
_aBUL _cBUL |
||
| 080 |
_aАмериканска литература (на САЩ) _b821.111(73) _x-312.4 _z821.111(73)-312.4 |
||
| 100 | 1 |
_aЛъдлъм, Робърт _eпърви автор _9241671 |
|
| 139 |
_aЛъдлъм, Робърт _bЛ 93 |
||
| 245 | 1 | 0 |
_aЗагадката Халидон _bРоман : Кн. 1 - 2 _cРобърт Лъдлъм; прев. от англ. на том Свобода Гагарова. _nКн. 1 |
| 257 | _aUSA | ||
| 260 |
_a[София] _bПрозорец _c1994 - |
||
| 300 |
_a319 с. _c20 см |
||
| 380 | _aX | ||
| 500 | _aОриг. загл. The Cry of Halidon / Robert Ludlum. - 14 000 тир. | ||
| 653 | _aтрилъри | ||
| 653 | _aромани | ||
| 700 | 1 |
_aГагарова, Свобода _eпрев. от англ. на том _950515 |
|
| 760 | 1 |
_aЛъдлъм, Робърт _d1994 _h319 с. _tКн. 1 |
|
| 852 |
_aЦб 176546 _bЦб |
||
| 856 | 4 |
_qpdf _u |
|
| 856 | 4 |
_qpdf _u |
|
| 942 |
_cKNG _n0 _030 |
||
| 944 |
_aCR _c15.01.2003 _lМартин Енчев _k30575 |
||
| 944 |
_aED _c21.07.2011 _lф / |
||
| 999 |
_c2684 _d2684 |
||
| 999 | _d2684 | ||